| 000 | 00500nam a2200181 a 4500 | ||
|---|---|---|---|
| 005 | 20140310183506.0 | ||
| 008 | 100918s19uu xx 00 eng d | ||
| 020 | _a0451170350 | ||
| 050 |
_aKF 759.E2 _b.M53 1991 |
||
| 100 | _aMichaud, Stephen G. | ||
| 245 |
_aIf you love me you will do my will. / _cStephen G. Michaud. |
||
| 260 |
_aNew York : _bPenguin Group, _c1991. |
||
| 300 |
_a389 p. : _c17 cm. |
||
| 650 | _aFiction | ||
| 700 | _aAynesworth, Hugh | ||
| 942 |
_cBK _2lcc |
||
| 999 |
_c24058 _d24058 |
||